| Tag |
First Indicator |
Second Indicator |
Subfields |
| LEADER |
00000cas a2200000 4500 |
| 001 |
in00000097432 |
| 005 |
20150925114910.0 |
| 008 |
751101c19409999oruuu m s0uuua0eng |
| 010 |
|
|
|a 41024833
|
| 022 |
|
|
|a 0078-5814
|
| 035 |
|
|
|a (OCoLC)01781822
|
| 035 |
|
|
|9 AAL2892AM
|
| 040 |
|
|
|a DLC
|c MUL
|d HUL
|d TXA
|d UtOrBLW
|
| 049 |
|
|
|a TXAE
|
| 050 |
|
0 |
|a QE1
|b .O7
|
| 210 |
0 |
|
|a Oreg. State monogr. Stud. geol.
|
| 245 |
0 |
0 |
|a Oregon State monographs.
|p Studies in geology.
|
| 264 |
|
1 |
|a Corvallis.
|b [publisher not identified] ;
|
| 300 |
|
|
|a numbers :
|b illustrations ;
|c 27 cm.
|
| 336 |
|
|
|a text
|b txt
|2 rdacontent
|
| 337 |
|
|
|a unmediated
|b n
|2 rdamedia
|
| 338 |
|
|
|a volume
|b nc
|2 rdacarrier
|
| 362 |
0 |
|
|a no. 1- 1940-
|
| 515 |
|
|
|a No. 5-7 issued in combined form.
|
| 550 |
|
|
|a Issued by Oregon State University (no. 1- under an earlier name: Oregon State College)
|
| 650 |
|
0 |
|a Geology
|z Oregon.
|
| 710 |
2 |
|
|a Oregon State University.
|
| 999 |
|
|
|a MARS
|
| 999 |
f |
f |
|s 0a076ca1-9dc3-3342-baa1-2b1e595bfd36
|i 8a97aa58-3ff8-3870-8830-ff29e7c8f7b3
|t 0
|
| 952 |
f |
f |
|a Texas A&M University
|b Rellis Campus
|c Joint Library Facility
|d Remote Storage
|e QE1 .O7
|h Library of Congress classification
|i unmediated -- volume
|k no.10
|l 1970
|m A14841925606
|p ric
|s JLF
|t 0
|
| 952 |
f |
f |
|a Texas A&M University
|b Rellis Campus
|c Joint Library Facility
|d Remote Storage
|e QE1 .O7
|h Library of Congress classification
|i unmediated -- volume
|k no.1-7
|l 1940-1947
|m A14841892293
|p ric
|s JLF
|t 0
|
| 952 |
f |
f |
|a Texas A&M University
|b Rellis Campus
|c Joint Library Facility
|d Remote Storage
|e QE1 .O7
|h Library of Congress classification
|i unmediated -- volume
|k no.8
|l 1952
|m A14841892285
|p ric
|s JLF
|t 0
|
| 998 |
f |
f |
|a QE1 .O7
|s no.1 (1940)-no.8 (1952),no.10 (1970)
|t 0
|l Remote Storage
|